Úloha speciálních penzijných schémat v současných penzijných systémech

Univerzálny dôchodkový systém vo vzťahu k trhu práce, demografickým zmenám, kvalite života. Špeciálne dôchodkové schémy v súvislosti so zdravotne-sociálnou situáciou zamestnancov. Ukazovatele kvality života vo vzťahu k zdravotnému stavu jednotlivca – QALY, DALY, HYE (Healthy Year Equivalent) a WAI (...

Ausführliche Beschreibung

Gespeichert in:
Bibliographische Detailangaben
1. Verfasser: Mertl, Jan
Format: Buchkapitel
Sprache:Tschechisch
Schlagworte:
Tags: Tag hinzufügen
Keine Tags, Fügen Sie das erste Tag hinzu!

MARC

LEADER 00000naa a2200000 4500
001 0219389
005 20221019173821.5
041 0 |a cze 
044 |a CZ 
245 1 0 |a Úloha speciálních penzijných schémat v současných penzijných systémech  |c Jan Mertl 
520 |a Univerzálny dôchodkový systém vo vzťahu k trhu práce, demografickým zmenám, kvalite života. Špeciálne dôchodkové schémy v súvislosti so zdravotne-sociálnou situáciou zamestnancov. Ukazovatele kvality života vo vzťahu k zdravotnému stavu jednotlivca – QALY, DALY, HYE (Healthy Year Equivalent) a WAI (Work Ability Index). 
610 2 0 |a systémy dôchodkové 
610 2 0 |a zabezpečenie dôchodkové 
610 2 0 |a zabezpečenie nemocenské 
610 2 0 |a situácia sociálna 
610 2 0 |a ukazovatele demografické 
610 2 0 |a kvalita života 
100 1 |a Mertl, Jan